Dr. S. R. Lasker Library Online Catalogue

Home      Library Home      Institutional Repository      E-Resources      MyAthens      EWU Home

Bangla Academy English-Bangla dictionary / (Record no. 9457)

MARC details
000 -LEADER
fixed length control field 00792nam a2200277 a 4500
001 - CONTROL NUMBER
EWU control number 9457
003 - CONTROL NUMBER IDENTIFIER
control field BD-DhEWU
005 - DATE AND TIME OF LATEST TRANSACTION
control field 20241030113343.0
008 - FIXED-LENGTH DATA ELEMENTS--GENERAL INFORMATION
fixed length control field 301024r20152024bg g d a000 0 eng d
020 ## - INTERNATIONAL STANDARD BOOK NUMBER
International Standard Book Number 9789840762330
040 ## - CATALOGING SOURCE
Original cataloging agency BD-DhEWU
Language of cataloging English
Transcribing agency BD-DhEWU
Modifying agency BD-DhEWU
041 ## - LANGUAGE CODE
Language code of text/sound track or separate title eng
082 04 - DEWEY DECIMAL CLASSIFICATION NUMBER
Classification number 423.9144
Author mark and Year BAN 2015
245 ## - TITLE STATEMENT
Title Bangla Academy English-Bangla dictionary /
Statement of responsibility, etc edited by Siddiqui, Zillur Rahman
250 ## - EDITION STATEMENT
Edition statement Rev. & enl. 3rd ed.
260 ## - PUBLICATION, DISTRIBUTION, ETC. (IMPRINT)
Place of publication, distribution, etc Dhaka :
Name of publisher, distributor, etc Bangla Academy,
Date of publication, distribution, etc 2015.
300 ## - PHYSICAL DESCRIPTION
Extent xxiii, 861 p., xxix ;
Dimensions 23 cm.
526 ## - STUDY PROGRAM INFORMATION NOTE
Program name Library
Requested Dept. (EWU) Library
650 07 - SUBJECT ADDED ENTRY--TOPICAL TERM
Topical term or geographic name English language
9 (RLIN) 491
653 00 - INDEX TERM--UNCONTROLLED
Uncontrolled term Dictionaries
Uncontrolled term Bengali
700 ## - ADDED ENTRY--PERSONAL NAME
Personal name Siddiqui, Zillur Rahman...[et al.].
9 (RLIN) 490
942 ## - ADDED ENTRY ELEMENTS (KOHA)
Source of classification or shelving scheme Dewey Decimal Classification
Koha item type Ref.
Holdings
Lost status Source of classification or shelving scheme Not for loan Collection code Home library Current library Shelving location Date of accession Source of acquisition Cost, normal purchase price Total Checkouts Full call number Barcode Date last seen Copy number Price effective from Koha item type
  Dewey Decimal Classification Not For Loan Reference Dr. S. R. Lasker Library, EWU Dr. S. R. Lasker Library, EWU Reference Section 30/10/2024   480.00   423.9144 BAN 2015 31733 30/10/2024 C-1 30/10/2024 Ref.
  Dewey Decimal Classification Not For Loan Reference Dr. S. R. Lasker Library, EWU Dr. S. R. Lasker Library, EWU Reference Section 30/10/2024   480.00   423.9144 BAN 2015 31734 30/10/2024 C-2 30/10/2024 Ref.